| 000 | 003830000a22001570004500 | ||
|---|---|---|---|
| 003 | LK-CoMWRAF | ||
| 005 | 20231203182903.0 | ||
| 008 | 230817t ||||| |||| 00| 0 eng d | ||
| 020 | _a1856492346 | ||
| 040 |
_aLK-CoMWRAF _dLK-CoMWRAF _eLK-CoMWRAF |
||
| 041 | _aeng | ||
| 082 |
_a305.48 _bPAL |
||
| 245 |
_aPalestinian Women _bIdentity And Experience |
||
| 300 | _ap.209 | ||
| 942 | _cBK | ||
| 999 |
_c397 _d397 |
||